| 000 | 01041nam0a22002411 4500 | ||
|---|---|---|---|
| 001 | rc\4418021 | ||
| 005 | 20250611171651.0 | ||
| 021 |
_aRU _bРг27-59 |
||
| 035 | _a(NLR Aleph) 008305675 | ||
| 090 |
_a8664366 _c8664366 |
||
| 100 | _a20130416d1958 |||y0rusy50 ca | ||
| 101 | 0 | _arus | |
| 102 | _aRU | ||
| 105 | _ay z ||||| | ||
| 200 | 1 |
_aТезисы докладов _fАкад. наук Арм. ССР. Ин-т геол. наук. Первая Закав. конференция молодых науч. сотрудников ин-тов геол. наук Акад. наук Груз. ССР, Азерб. ССР и Арм. ССР. 28-30 окт. 1958 г. |
|
| 210 |
_aЕреван _cБ. и. _d1958 |
||
| 215 |
_a53 с. _d19 |
||
| 710 | 1 | 2 | _aЗакавказская конференция молодых научных сотрудников институтов геологических наук (1; 1958; Ереван) |
| 801 | 0 |
_aRU _bNLR _gpsbo |
|
| 801 | 1 |
_aRU _bELAR _2rusmarc |
|
| 852 |
_aNLR _j59-4/66 |
||
| 942 | _cBOOK | ||
| 980 | _aNB | ||